Service accommodation (Record no. 76116)

MARC details
000 -LEADER
fixed length control field 01847cab a2200265 4500
001 - CONTROL NUMBER
control field ##L131488
008 - FIXED-LENGTH DATA ELEMENTS--GENERAL INFORMATION
fixed length control field 051107n2005 000 0 eng u
035 ## - SYSTEM CONTROL NUMBER
System control number (Sirsi) u131488
041 0# - LANGUAGE CODE
Language code of text/sound track or separate title eng
100 1# - MAIN ENTRY--PERSONAL NAME
Personal name Reid, Tim
245 00 - TITLE STATEMENT
Title Service accommodation
260 3# - PUBLICATION, DISTRIBUTION, ETC.
Date of publication, distribution, etc. 2005
490 #0 - SERIES STATEMENT
Series statement Estates Gazette
Volume/sequential designation (543) 29 October 2005, 183(1)
520 ## - SUMMARY, ETC.
Summary, etc. The expected deluge of discrimination cases occasioned under Part III of the Disability Discrimination Act 1995 (DDA) since it came into force in October 2004 has not materialised. Looks at the only two cases that have received full public attention so far: "Roads v Central Trains Ltd" ([2004 EWCA Civ 1541) and "Ross v Ryanair Ltd" ([2004] EWCA Civ 1751. The dearth of Part III cases disguises the fact that the DDA is being transformed in the courts on a daily basis e.g. "Freer Bouskell v Brewster"(unreported 3 December 2003) where an employee suffering from claustrophobia was found to be disabled, but also could reflect the cost of litigation. The DDA 2005 will soon broaden the meaning of disability. Lists lessons to be learnt by service providers from the first year of Part III enforcement and reminds them of their statutory duties.
590 ## - LOCAL NOTE (RLIN)
Local note 081105
650 24 - SUBJECT ADDED ENTRY--TOPICAL TERM
Topical term or geographic name entry element DISABILITY DISCRIMINATION ACT 1995 PART III
650 24 - SUBJECT ADDED ENTRY--TOPICAL TERM
Topical term or geographic name entry element DISABILITY DISCRIMINATION ACT 2005
650 24 - SUBJECT ADDED ENTRY--TOPICAL TERM
Topical term or geographic name entry element FREER BOUSKELL V BREWSTER
650 24 - SUBJECT ADDED ENTRY--TOPICAL TERM
Topical term or geographic name entry element ROSS V RYANAIR LTD AND ANOTHER
650 24 - SUBJECT ADDED ENTRY--TOPICAL TERM
Topical term or geographic name entry element ROADS V CENTRAL TRAINS LTD
690 ## - LOCAL SUBJECT ADDED ENTRY--TOPICAL TERM (OCLC, RLIN)
Topical term or geographic name as entry element MANAGEMENT-BUSINESS MANAGEMENT-DISCRIMINATION-DISABILITY DISCRIMINATION-ACCESSIBILITY
856 41 - ELECTRONIC LOCATION AND ACCESS
Uniform Resource Identifier <a href="https://www.bailii.org/ew/cases/EWCA/Civ/2004/1541.html">https://www.bailii.org/ew/cases/EWCA/Civ/2004/1541.html</a>
Public note View the "Roads" judgment free of charge at www.bailii.org...
856 41 - ELECTRONIC LOCATION AND ACCESS
Uniform Resource Identifier <a href="https://www.bailii.org/ew/cases/EWCA/Civ/2004/1751.html">https://www.bailii.org/ew/cases/EWCA/Civ/2004/1751.html</a>
Public note View the "Ross" judgment free of charge at www.bailii.org...
942 ## - ADDED ENTRY ELEMENTS (KOHA)
Suppress in OPAC 0
Holdings
Withdrawn status Lost status Source of classification or shelving scheme Damaged status Not for loan Home library Current library Shelving location Date acquired Total Checkouts Full call number Barcode Date last seen Copy number Price effective from Koha item type
    Dewey Decimal Classification     London London Journal article 07/11/2005   L131488 131488-1001 06/08/2019 1 06/08/2019 Journal article